• 首页
  • 本馆介绍
  • 公告通知
  • 最新文献
  • 馆藏检索
  • 电子资源
  • 读者导购
  • 参考咨询
  • 我的图书馆
  • 登录
  • 详细信息显示
  • 放入我的书架
  • 预约/预借图书
  • 作者相关作品
  • 分类相关作品
  • 丛书相关作品
  • 出版社相关作品

书目信息

  • 表格格式
  • 工作单格式
  • 卡片格式
题名:
自然科学大事年表
    
 
作者: ;本书编写组 编
分册:  
出版信息: 上海   上海人民出版社  1975
页数: 322页
开本: 19cm
丛书名: 自然辩证法丛书
单 册:
中图分类: N09 , N64
科图分类:
主题词: 自然科学--图解 , 自然科学--图表 , 自然科学--公式 , 自然科学--数据 , 自然科学--标本 , 自然科学史 , 自然科学--表解 , 自然科学--模型
电子资源:
ISBN:
000 00943nam2 2200349 45
001 0175003103
005 20070802112220.09
010    @dCNY0.60
091    @a131.71.114
100    @a19951005d1975 em y0chiy0121 ea
101 0  @achi
102    @aCN@b310000
105    @ay z 000yy
200 10 @a自然科学大事年表@Azi ran ke xue da shi nian biao@e试编本@f本书编写组编
210    @a上海@c上海人民出版社@d1975
215    @a322页@d19cm
225 2  @a自然辩证法丛书
410  0 @120010@a自然辩证法丛书
606 0  @a自然科学@x图解
606 0  @a自然科学@x图表
606 0  @a自然科学@x公式
606 0  @a自然科学@x数据
606 0  @a自然科学@x标本
606    @a自然科学史
606 0  @a自然科学@x表解
606 0  @a自然科学@x模型
690    @aN09@v3 
690    @aN64
711 02 @a本书编写组@Aben shu bian xie zu@4编
801  0 @aCN@b广东省中山图书馆@c20070802
801  2 @aCN@bNLC@c20060728
905    @f1@b17965@dN64@e37
    
    自然科学大事年表:试编本/本书编写组编.-上海:上海人民出版社,1975
    322页;19cm.-(自然辩证法丛书)
    
    
    ISBN :CNY0.60
    
●
相关链接 在E读中查询图书 在五车中查询图书 在当当中查询图书 在豆瓣中查询图书


正题名:自然科学大事年表     索取号:N64/37         预约/预借

序号 登录号 条形码 馆藏地/架位号 状态 备注
1 0017965   001231278   第二样本阅览室/ [索取号:N64/37] 在馆    
2 0171228   001748620   密集书库/ [索取号:N64/37] 在馆    
3 0438984   204389848   密集书库/ [索取号:N64/37] 在馆    
4 0791111   207911116   密集书库/ [索取号:N64/37] 在馆    
唐山师范学院图书馆 欢迎您!
大连网信软件有限公司© 版权所有